[Event "Titled Tue 3rd Jun Early"]
[Site "chess.com INT"]
[Date "2025.06.03"]
[Round "6"]
[White "Harshal, Shahi"]
[Black "Abraham, John Z"]
[Result "0-1"]
[WhiteTitle "FM"]
[WhiteElo "2143"]
[BlackElo "2100"]
[WhiteFideId "5048257"]
[BlackFideId "30987318"]
[EventDate "2025.06.03"]

1. e4 c5 2. Nf3 e6 3. b3 Nc6 4. Bb2 Qc7 5. g3 Nf6 6. e5 Nd5 7. Bg2 d6 8. exd6
Qxd6 9. O-O Bd7 10. Re1 h6 11. Na3 O-O-O 12. Nc4 Qc7 13. Nfe5 Be8 14. a4 Be7 15.
a5 Bf6 16. d3 h5 17. h4 Rh6 18. Bc1 Nxe5 19. Bxh6 Nxc4 20. bxc4 gxh6 21. cxd5
Bxa1 22. Qxa1 exd5 23. a6 b6 24. Qf6 Qd6 0-1

[Event "Titled Tue 3rd Jun Early"]
[Site "chess.com INT"]
[Date "2025.06.03"]
[Round "6"]
[White "Rojas Alarcon, Julian Antonio"]
[Black "Fiskaaen, Martin Holten"]
[Result "1-0"]
[WhiteTitle "FM"]
[BlackTitle "FM"]
[WhiteElo "2365"]
[BlackElo "2292"]
[WhiteFideId "5107407"]
[BlackFideId "1550233"]
[EventDate "2025.06.03"]

1. d4 Nf6 2. c4 e6 3. Nc3 Bb4 4. a3 Bxc3+ 5. bxc3 c5 6. e3 Nc6 7. Ne2 Na5 8. Ng3
b6 9. e4 d6 10. Bd3 Ba6 11. Qe2 Rc8 12. d5 exd5 13. cxd5 Bxd3 14. Qxd3 O-O 15.
O-O Nb3 16. Ra2 c4 17. Qf3 Nxc1 18. Rxc1 Re8 19. Re2 Nd7 20. Nf5 Qf6 21. Qg3 Ne5
22. f4 Nd3 23. Rf1 g6 24. Nd4 Qg7 25. Nc6 Qxc3 26. e5 Nc1 27. Re3 Qd2 28. Qf3 c3
29. f5 g5 30. Rf2 Rxc6 31. dxc6 Qd4 32. e6 Kf8 33. h4 f6 34. hxg5 Nb3 35. gxf6
c2 36. Rxc2 Na1 37. Rf2 Qxf6 38. c7 Rc8 39. Qb7 1-0

[Event "Titled Tue 3rd Jun Early"]
[Site "chess.com INT"]
[Date "2025.06.03"]
[Round "6"]
[White "Aalto, Patrik"]
[Black "Jumabayev, Rinat"]
[Result "0-1"]
[WhiteTitle "FM"]
[BlackTitle "GM"]
[WhiteElo "2313"]
[BlackElo "2551"]
[WhiteFideId "510726"]
[BlackFideId "13702661"]
[EventDate "2025.06.03"]

1. c4 e6 2. g3 d5 3. Bg2 d4 4. Nf3 c5 5. e3 Nc6 6. exd4 cxd4 7. d3 Nf6 8. O-O
Bd6 9. Bg5 h6 10. Bxf6 Qxf6 11. Nbd2 Qd8 12. Ne4 Be7 13. Rc1 O-O 14. Re1 a5 15.
c5 a4 16. Nfd2 Nb4 17. Nc4 Nxa2 18. Ra1 Nb4 19. Ned6 Bxd6 20. Nxd6 Qc7 21. Rc1
Ra5 22. Nxc8 Rxc8 23. Rc4 Na6 24. c6 bxc6 25. Rxd4 Nc5 26. Rc4 Qb6 27. Qc2 Nb3
28. Rxc6 Rxc6 29. Qxc6 Qxc6 30. Bxc6 Nd4 31. Be4 Rb5 32. Ra1 Rb4 33. Kg2 f5 34.
Bf3 g5 35. h3 Nc2 36. Rc1 Rxb2 37. Kf1 a3 38. Bd1 a2 39. Bxc2 Rxc2 40. Ra1 Rb2
41. Kg2 g4 42. hxg4 fxg4 43. Rc1 Rb1 0-1

[Event "Titled Tue 3rd Jun Early"]
[Site "chess.com INT"]
[Date "2025.06.03"]
[Round "6"]
[White "Zhou, Yuxu"]
[Black "Gunawardhana, Devindya Oshini"]
[Result "0-1"]
[WhiteTitle "CM"]
[BlackTitle "WIM"]
[WhiteElo "2087"]
[BlackElo "2068"]
[WhiteFideId "8626421"]
[BlackFideId "29941482"]
[EventDate "2025.06.03"]

1. d4 d5 2. c4 e6 3. Nf3 Nf6 4. Nc3 Bb4 5. Bg5 h6 6. Bxf6 Qxf6 7. e3 O-O 8. Rc1
c6 9. Qb3 a5 10. a3 Bd6 11. e4 dxe4 12. Nxe4 Qf4 13. Qc2 Bc7 14. Be2 Nd7 15. O-O
Nf6 16. Bd3 Ng4 17. Ng3 h5 18. Nxh5 Qh6 19. Ng3 b6 20. h3 Nf6 21. Ne5 Bb7 22.
Qe2 c5 23. dxc5 bxc5 24. Nf3 Bf4 25. Rcd1 Rad8 26. Ne4 Bc7 27. Nxf6+ Qxf6 28.
Be4 Ba6 29. b3 Qf4 30. Bb1 Bb7 31. Qc2 g6 32. Rxd8 Rxd8 33. Re1 Bxf3 34. g3 Qh6
35. Qc3 Bc6 36. Kh2 Qd2 37. Qc1 Qxf2# 0-1

[Event "Titled Tue 3rd Jun Early"]
[Site "chess.com INT"]
[Date "2025.06.03"]
[Round "6"]
[White "Momunaliev, Ruslan"]
[Black "Ersoz, Teoman Guney"]
[Result "1-0"]
[WhiteTitle "CM"]
[BlackTitle "CM"]
[WhiteElo "2213"]
[BlackElo "2090"]
[WhiteFideId "13812211"]
[BlackFideId "44537050"]
[EventDate "2025.06.03"]

1. e4 c5 2. Nf3 e6 3. g3 Nc6 4. Bg2 d5 5. exd5 exd5 6. d4 Nf6 7. O-O cxd4 8.
Nxd4 Be7 9. Nc3 O-O 10. Bg5 Nxd4 11. Qxd4 Be6 12. Rad1 Rc8 13. Qxa7 Bc5 14. Qxb7
Rb8 15. Qc6 Rc8 16. Qb5 d4 17. Ne4 Be7 18. Rfe1 Rxc2 19. Be3 Nxe4 20. Bxe4 dxe3
21. Bxc2 exf2+ 22. Kxf2 Qc7 23. Be4 Bc5+ 24. Kg2 Rb8 25. Qe2 Re8 26. Rc1 Qb6 27.
Qh5 Bd4 28. Qxh7+ Kf8 29. Qh8+ Ke7 30. Qh4+ Bf6 31. Qf4 Qxb2+ 32. Rc2 Qa3 33.
Re3 Qb4 34. Bd5 Kf8 35. Qxb4+ 1-0

[Event "Titled Tue 3rd Jun Early"]
[Site "chess.com INT"]
[Date "2025.06.03"]
[Round "6"]
[White "Sarveshwaran V"]
[Black "Salimova, Asal"]
[Result "1-0"]
[WhiteTitle "CM"]
[BlackTitle "WCM"]
[WhiteElo "2290"]
[BlackElo "2003"]
[WhiteFideId "25699016"]
[BlackFideId "14204940"]
[EventDate "2025.06.03"]

1. e4 c5 2. f3 d5 3. d3 dxe4 4. fxe4 e5 5. Nc3 Nc6 6. Nf3 Bg4 7. Be3 Nd4 8. Be2
Bxf3 9. Bxf3 Qh4+ 10. g3 Qd8 11. Bg2 Nf6 12. O-O h6 13. Nd5 Nxd5 14. exd5 Bd6
15. c3 Nb5 16. Be4 O-O 17. Qh5 Be7 18. Bxh6 f5 19. Rxf5 Rxf5 20. Qxf5 Bf6 21.
Qh7+ Kf7 22. Rf1 Qg8 23. Rxf6+ Kxf6 24. Qf5+ Ke7 25. Qxe5+ Kf8 26. Qf6+ Qf7 27.
Bxg7+ Kg8 28. Bh7+ Kxh7 29. Qxf7 Nd6 30. Qd7 1-0

[Event "Titled Tue 3rd Jun Early"]
[Site "chess.com INT"]
[Date "2025.06.03"]
[Round "6"]
[White "Ochedzan, Filip"]
[Black "Sahetchian, Armand"]
[Result "1-0"]
[WhiteTitle "CM"]
[BlackTitle "CM"]
[WhiteElo "2130"]
[BlackElo "2024"]
[WhiteFideId "21892610"]
[BlackFideId "607150"]
[EventDate "2025.06.03"]

1. f4 e5 2. fxe5 d6 3. exd6 Bxd6 4. Nf3 h5 5. d4 h4 6. e4 Bg4 7. Be2 h3 8. g3
Nc6 9. Nc3 Qd7 10. Bg5 f6 11. Be3 O-O-O 12. Qd2 Kb8 13. O-O-O Nge7 14. d5 Ne5
15. Nxe5 Bxe5 16. Bxg4 Qxg4 17. Bd4 Nc8 18. Bxe5 fxe5 19. Rhf1 Rhf8 20. Qe2 Qxe2
21. Nxe2 Nd6 22. Nc3 a6 23. b3 b5 24. a3 Kc8 25. Kd2 Kd7 26. Ke3 a5 27. a4 b4
28. Nb1 Ke7 29. Nd2 Rf6 30. Rxf6 gxf6 31. Nf3 Rc8 32. Rd2 c6 33. dxc6 Rxc6 34.
Ne1 Rc3+ 35. Nd3 Ke6 36. Re2 f5 37. exf5+ Nxf5+ 38. Ke4 Nd4 39. Rf2 Rxc2 40.
Rxc2 Nxc2 41. Nxe5 Na1 42. Nc4 Nxb3 43. g4 Nc5+ 44. Kd4 Nxa4 45. Nxa5 b3 46.
Nxb3 Kf6 47. Ke4 Kg5 48. Kf3 Nc5 49. Nxc5 1-0

[Event "Titled Tue 3rd Jun Early"]
[Site "chess.com INT"]
[Date "2025.06.03"]
[Round "6"]
[White "Donchenko, Alexander"]
[Black "Rosen, Eric"]
[Result "1-0"]
[WhiteTitle "GM"]
[BlackTitle "IM"]
[WhiteElo "2615"]
[BlackElo "2377"]
[WhiteFideId "24603295"]
[BlackFideId "2032562"]
[EventDate "2025.06.03"]

1. d4 d5 2. Nf3 Nf6 3. c4 e6 4. g3 dxc4 5. Bg2 Bb4+ 6. Bd2 c5 7. Qc1 a5 8. Qxc4
Nbd7 9. O-O O-O 10. dxc5 Bxc5 11. Nc3 b6 12. Nd4 Ba6 13. Qa4 Rc8 14. Nc6 Qc7 15.
Nb5 Bxb5 16. Qxb5 Ne5 17. Bf4 Nfd7 18. Rad1 f6 19. Nd4 Bxd4 20. Rxd4 Qc5 21.
Qxc5 Rxc5 22. Rfd1 g5 23. Be3 Rc7 24. Bh3 Re8 25. f4 Nc4 26. Rxc4 Rxc4 27. Rxd7
gxf4 28. gxf4 Rc2 29. Rd2 Rxd2 30. Bxd2 f5 31. Kf2 Kf7 32. Bg2 Rc8 33. Bc3 a4
34. a3 b5 35. Bf3 Rc4 36. e3 Rc8 37. Ke2 Rd8 38. Bc6 Rb8 39. Bd4 Kg6 40. Bd7 Kf7
41. Kd3 Ke7 42. Bc6 Rg8 43. Bxb5 Rg2 44. Bxa4 Rxh2 45. Bc6 Kd6 46. Bf3 Rf2 47.
Ba8 h5 48. a4 h4 49. a5 Rf1 50. b4 h3 51. a6 Ra1 52. Bxa1 1-0

[Event "Titled Tue 3rd Jun Early"]
[Site "chess.com INT"]
[Date "2025.06.03"]
[Round "6"]
[White "Asensio Ramos, Enrique Fernando"]
[Black "Mikhailova, Irina"]
[Result "1-0"]
[WhiteTitle "CM"]
[BlackTitle "WGM"]
[WhiteElo "2206"]
[BlackElo "2143"]
[WhiteFideId "2214172"]
[BlackFideId "4109040"]
[EventDate "2025.06.03"]

1. d4 Nf6 2. Nc3 d5 3. Bf4 c6 4. e3 g6 5. h4 h5 6. Nf3 Bg4 7. Qd2 Bxf3 8. gxf3
Bg7 9. O-O-O Nbd7 10. Bd3 c5 11. dxc5 Nxc5 12. Bb5+ Kf8 13. Nxd5 Nxd5 14. Qxd5
Qb6 15. a4 a6 16. Bc4 Bxb2+ 17. Kb1 Bf6+ 18. Bb3 Nxb3 19. Qxb3 Qc6 20. e4 Bg7
21. a5 Kg8 22. Rd3 Kh7 23. Rhd1 Rhc8 24. Rd7 e5 25. Be3 f6 26. R1d2 1-0

[Event "Titled Tue 3rd Jun Early"]
[Site "chess.com INT"]
[Date "2025.06.03"]
[Round "6"]
[White "Venkatesh, Narayan"]
[Black "Kis, Lorand Bela"]
[Result "1-0"]
[WhiteTitle "FM"]
[WhiteElo "2168"]
[BlackElo "1955"]
[WhiteFideId "30987881"]
[BlackFideId "2024098"]
[EventDate "2025.06.03"]

1. d4 Nf6 2. Nf3 g6 3. Bg5 Ne4 4. Bf4 Bg7 5. Nbd2 Nf6 6. Bg5 c5 7. c3 cxd4 8.
cxd4 Nc6 9. e4 d6 10. d5 Nb8 11. Be2 O-O 12. O-O Bg4 13. Nd4 Bxe2 14. Nxe2 Nbd7
15. Rc1 Qa5 16. a3 Rfc8 17. Nc3 a6 18. Qe2 b5 19. Nb3 Qd8 20. Nd4 Ne5 21. f4 Qb6
22. Rfd1 Nc4 23. Kh1 h6 24. Bh4 Rc7 25. Nc6 Rac8 26. e5 Nh5 27. Nxe7+ Rxe7 28.
Bxe7 Nxf4 29. Qe4 dxe5 30. d6 f5 31. Qf3 Ne6 32. d7 Rb8 33. Qd5 Kh7 34. d8=Q
Nxd8 35. Bxd8 Qb7 36. Qxb7 Rxb7 37. Nd5 e4 38. b3 Ne5 39. Bf6 Nd3 40. Rc2 g5 41.
Bxg7 Kxg7 42. Nb4 Nf4 43. g3 1-0

[Event "Titled Tue 3rd Jun Early"]
[Site "chess.com INT"]
[Date "2025.06.03"]
[Round "6"]
[White "Jahnz, Laurin"]
[Black "Pham, Le Thao Nguyen"]
[Result "0-1"]
[WhiteTitle "CM"]
[BlackTitle "IM"]
[WhiteElo "2233"]
[BlackElo "2388"]
[WhiteFideId "16261089"]
[BlackFideId "12401226"]
[EventDate "2025.06.03"]

1. e4 c6 2. Nc3 d5 3. Nf3 dxe4 4. Nxe4 Nf6 5. Qe2 Nxe4 6. Qxe4 Qa5 7. b4 Qf5 8.
Qe3 Qe6 9. d3 Qxe3+ 10. fxe3 f6 11. Bb2 e5 12. a3 a5 13. bxa5 Rxa5 14. Be2 Be6
15. O-O Nd7 16. d4 Bd6 17. c4 O-O 18. c5 Bc7 19. Bc3 Ra7 20. Rfb1 Rfa8 21. Nd2
exd4 22. exd4 b5 23. cxb6 Nxb6 24. Bb4 Na4 25. Bc4 Bd5 26. Bxd5+ cxd5 27. Nb3
Bf4 28. Kf2 Re8 29. Re1 Rxe1 30. Rxe1 Nb2 31. Re8+ Kf7 32. Rf8+ Kg6 33. Nc5 Bd6
34. Rd8 Nc4 35. h3 h5 36. Rd7 Bxc5 37. Rxd5 Bxb4 38. axb4 h4 39. Rc5 Nd6 40. Rc6
Ra2+ 41. Kf3 Nf5 42. Ke4 Rxg2 43. b5 Rd2 44. b6 Rxd4+ 45. Kf3 Rb4 46. Kf2 Ne7
47. Re6 Nd5 48. b7 Rxb7 49. Re4 Rb4 50. Re8 Nf4 51. Rd8 Ne6 52. Kg2 Nxd8 0-1

[Event "Titled Tue 3rd Jun Early"]
[Site "chess.com INT"]
[Date "2025.06.03"]
[Round "6"]
[White "Rodriguez Avila, Alvaro"]
[Black "Munoz Ramos, Christopher"]
[Result "0-1"]
[WhiteTitle "CM"]
[BlackTitle "FM"]
[WhiteElo "2204"]
[BlackElo "2133"]
[WhiteFideId "24570249"]
[BlackFideId "3439615"]
[EventDate "2025.06.03"]

1. e4 c5 2. d4 cxd4 3. c3 dxc3 4. Nf3 cxb2 5. Bxb2 Nc6 6. Bc4 e6 7. O-O Nf6 8.
Qe2 Be7 9. e5 Nd5 10. Bxd5 exd5 11. Nc3 d4 12. Nd5 O-O 13. Nxd4 Nxd4 14. Bxd4 d6
15. Rad1 Be6 16. Nf4 d5 17. Rb1 Qd7 18. Rfd1 a6 19. h3 Rac8 20. Rb6 Rc6 21. Rdb1
Rxb6 22. Rxb6 Bg5 23. Nxe6 fxe6 24. Qg4 Rf5 25. Rd6 Qf7 26. h4 Be7 27. Rd7 h5
28. Qd1 Qf8 29. g3 b5 30. Ra7 Bc5 31. Rxa6 Qc8 32. Ra5 Bxd4 33. Qxd4 Qc6 34. Ra7
Qc1+ 35. Kg2 Qc4 36. Qxc4 bxc4 37. f4 Rf7 38. Ra8+ Kh7 39. Kf3 Rc7 40. Ke3 c3 0-1

[Event "Titled Tue 3rd Jun Early"]
[Site "chess.com INT"]
[Date "2025.06.03"]
[Round "6"]
[White "Andrade, Ivan"]
[Black "Hernandez Jimenez, Alexander Andres"]
[Result "1-0"]
[WhiteTitle "FM"]
[BlackTitle "FM"]
[WhiteElo "2161"]
[BlackElo "2043"]
[WhiteFideId "14800039"]
[BlackFideId "3900452"]
[EventDate "2025.06.03"]

1. e4 c5 2. Nf3 d6 3. d4 cxd4 4. Nxd4 Nf6 5. Nc3 a6 6. f3 e5 7. Nb3 Be6 8. Be3
Be7 9. Qd2 Nbd7 10. g4 Nb6 11. g5 Nfd7 12. O-O-O Nc4 13. Bxc4 Bxc4 14. Nd5 Bxd5
15. exd5 O-O 16. Na5 Qc7 17. Kb1 Rac8 18. c4 f5 19. h4 f4 20. Bf2 e4 21. fxe4
Ne5 22. Rc1 b6 23. Nc6 Nxc6 24. dxc6 Qxc6 25. Qd4 Qc5 26. Qd5+ Qxd5 27. cxd5 b5
28. Rc6 Rxc6 29. dxc6 Rc8 30. Rc1 Kf7 31. c7 Ke6 32. Bb6 d5 33. exd5+ Kxd5 34.
Kc2 Kc6 35. Ba5 Bd6 36. Kd3+ Kd7 37. Ke4 Bxc7 38. Bxc7 Rxc7 39. Rxc7+ Kxc7 40.
Kxf4 Kd6 41. Kf5 a5 42. h5 a4 43. h6 gxh6 44. gxh6 Ke7 45. Ke5 Kf7 46. Kd5 Kg6
47. Kc5 Kxh6 48. Kxb5 Kg6 49. Kxa4 h5 50. b4 1-0

[Event "Titled Tue 3rd Jun Early"]
[Site "chess.com INT"]
[Date "2025.06.03"]
[Round "6"]
[White "Bukreev, Stanislav"]
[Black "Gholami Orimi, Mahdi"]
[Result "1-0"]
[WhiteTitle "FM"]
[BlackTitle "GM"]
[WhiteElo "2328"]
[BlackElo "2511"]
[WhiteFideId "34252347"]
[BlackFideId "12558486"]
[EventDate "2025.06.03"]

1. d4 g6 2. c4 Bg7 3. Nf3 d6 4. Nc3 c5 5. dxc5 Bxc3+ 6. bxc3 dxc5 7. Qxd8+ Kxd8
8. a4 b6 9. a5 Bb7 10. axb6 axb6 11. Rxa8 Bxa8 12. Ne5 Ke8 13. f3 f6 14. Nd3 Nc6
15. e4 Na5 16. Nf4 Kf7 17. Nd5 e6 18. Nxb6 Bc6 19. Be3 Nb7 20. Bd3 Ne7 21. Ke2
g5 22. Ra1 Ng6 23. Ra7 Ne5 24. Bxc5 Kg6 25. Be3 Rd8 26. Bc2 h5 27. g3 Nd6 28. f4
gxf4 29. gxf4 Ng4 30. h3 Nxe3 31. Kxe3 f5 32. e5 Ne4 33. Rc7 Be8 34. Bxe4 fxe4
35. Kxe4 Rd1 36. c5 Re1+ 37. Kd4 Kf5 38. c6 Rd1+ 39. Kc5 Kxf4 40. Rc8 Bg6 41.
Rf8+ Kxe5 42. c7 Rc1 43. Nc4+ 1-0

[Event "Titled Tue 3rd Jun Early"]
[Site "chess.com INT"]
[Date "2025.06.03"]
[Round "6"]
[White "Kornev, Alexei"]
[Black "Skliarov, Viktor"]
[Result "0-1"]
[WhiteTitle "GM"]
[BlackTitle "IM"]
[WhiteElo "2500"]
[BlackElo "2334"]
[WhiteFideId "4120949"]
[BlackFideId "14106736"]
[EventDate "2025.06.03"]

1. d4 Nf6 2. g3 g6 3. Bg2 Bg7 4. Nc3 O-O 5. Nf3 d6 6. O-O Nbd7 7. a4 c6 8. a5
Qc7 9. e4 e5 10. h3 Re8 11. Re1 Nf8 12. Be3 Ne6 13. dxe5 dxe5 14. Qe2 Bf8 15.
Qc4 Bd7 16. Red1 b5 17. axb6 axb6 18. Rxa8 Rxa8 19. Ng5 Qb7 20. Qb3 Nxg5 21.
Bxg5 Be6 22. Nd5 Nd7 23. Be3 b5 24. g4 Kg7 25. Qc3 f6 26. Nb4 Nb6 27. Qxc6 Qxc6
28. Nxc6 Nc4 29. Rd8 Ra1+ 30. Kh2 Nxe3 31. fxe3 Bc5 32. Nd4 exd4 33. exd4 Be7
34. Rb8 Bd6+ 35. e5 Bxb8 0-1

[Event "Titled Tue 3rd Jun Early"]
[Site "chess.com INT"]
[Date "2025.06.03"]
[Round "6"]
[White "Vidal Melendez, Ismael David"]
[Black "Daspres, Loic"]
[Result "1-0"]
[WhiteTitle "FM"]
[BlackTitle "CM"]
[WhiteElo "2294"]
[BlackElo "2207"]
[WhiteFideId "3901718"]
[BlackFideId "20612281"]
[EventDate "2025.06.03"]

1. d4 Nf6 2. Nc3 c5 3. d5 d6 4. e4 g6 5. f4 Bg7 6. Nf3 O-O 7. a4 e6 8. dxe6 Bxe6
9. Bd3 d5 10. e5 Ng4 11. h3 Nh6 12. O-O Nc6 13. Ng5 Nf5 14. Bxf5 Bxf5 15. Nxd5
Bxc2 16. Qxc2 Qxd5 17. Be3 Nd4 18. Bxd4 Qxd4+ 19. Kh1 h6 20. Rad1 Qb4 21. Ne4
Rad8 22. Nd6 b6 23. b3 Rd7 24. e6 fxe6 25. Qxg6 Qxb3 26. Nf5 Rc7 27. Nxh6+ Kh8
28. Ng4 Qg3 29. Qh5+ Kg8 30. Rf3 Qxf3 31. gxf3 Rxf4 32. Qe8+ Rf8 33. Qxe6+ Kh8
34. Rd5 1-0

[Event "Titled Tue 3rd Jun Early"]
[Site "chess.com INT"]
[Date "2025.06.03"]
[Round "6"]
[White "Kolb, Tobias"]
[Black "Tomb, Maroun"]
[Result "1-0"]
[WhiteTitle "FM"]
[BlackTitle "CM"]
[WhiteElo "2402"]
[BlackElo "2090"]
[WhiteFideId "12992321"]
[BlackFideId "5300398"]
[EventDate "2025.06.03"]

1. e4 d6 2. d4 Nf6 3. Nc3 e5 4. dxe5 dxe5 5. Qxd8+ Kxd8 6. Bc4 Be6 7. Bxe6 fxe6
8. Nf3 Bd6 9. Ke2 Ke7 10. Be3 a6 11. a4 Nc6 12. Nd2 Nb4 13. Rhc1 Nd7 14. Nc4 h6
15. Na2 Nc6 16. a5 g5 17. c3 g4 18. b4 Rag8 19. Rab1 Nf6 20. Nd2 Ra8 21. c4 Nd8
22. c5 Nf7 23. Nc3 Rac8 24. Nc4 Ng5 25. f3 gxf3+ 26. gxf3 Nh5 27. Na4 Rcf8 28.
cxd6+ cxd6 29. Nd2 Nh3 30. Rc7+ Kf6 31. Nb6 Rfg8 32. Nd7+ Kg6 33. Rxb7 N5f4+ 34.
Bxf4 Nxf4+ 35. Kf1 Rc8 36. Rb6 Kg5 37. Rxd6 Rc2 38. Nxe5 Kh4 39. Rd1 Rb8 40. Nd3
Nh3 41. Rxe6 Rg8 42. Nf2 Rg1+ 43. Ke2 Rg2 44. Rxh6+ Kg5 45. Rxh3 1-0

[Event "Titled Tue 3rd Jun Early"]
[Site "chess.com INT"]
[Date "2025.06.03"]
[Round "6"]
[White "Skytte, Robert"]
[Black "Myagmarsuren, Evsuld"]
[Result "1-0"]
[WhiteTitle "CM"]
[BlackTitle "FM"]
[WhiteElo "2007"]
[BlackElo "2292"]
[WhiteFideId "1471775"]
[BlackFideId "1551639"]
[EventDate "2025.06.03"]

1. e4 e6 2. d4 d5 3. Nc3 Bb4 4. Ne2 c5 5. a3 Bxc3+ 6. Nxc3 cxd4 7. Qxd4 Nf6 8.
Bg5 Nc6 9. Bb5 O-O 10. Bxc6 bxc6 11. e5 c5 12. Qf4 Nh5 13. Qh4 f6 14. Qxh5 fxg5
15. O-O-O Rb8 16. h4 Qb6 17. Na4 Qa5 18. hxg5 Qxa4 19. Qxh7+ Kf7 20. Rh6 Qf4+
21. Kb1 Qxg5 22. Rf6+ Ke8 23. Rxf8+ Kxf8 24. Rd3 Ke7 25. Rf3 Bd7 26. Rg3 Qxe5
27. Rxg7+ Kd6 28. Rxd7+ Kc6 29. c3 a5 30. Ra7 Rb5 31. Qd7+ Kb6 32. Qb7# 1-0

[Event "Titled Tue 3rd Jun Early"]
[Site "chess.com INT"]
[Date "2025.06.03"]
[Round "6"]
[White "Barrientos, Ernesto"]
[Black "Khazhatuly, Alikhan"]
[Result "0-1"]
[WhiteTitle "CM"]
[BlackTitle "CM"]
[WhiteElo "2027"]
[BlackElo "2196"]
[WhiteFideId "3701247"]
[BlackFideId "13731335"]
[EventDate "2025.06.03"]

1. e4 c5 2. Nf3 e6 3. d4 cxd4 4. Nxd4 a6 5. Bd3 Nf6 6. c4 Nc6 7. Nc2 Bc5 8. Be3
d6 9. f4 Qa5+ 10. Nc3 h5 11. h3 h4 12. O-O Bxe3+ 13. Nxe3 Qb6 14. Qd2 Bd7 15.
Kh2 Rd8 16. Rae1 Bc8 17. Bb1 Qc5 18. b3 Nh5 19. Ned5 exd5 20. exd5+ Ne7 21. Ne4
Qc7 22. Ng5 Kf8 23. Rf3 Nf6 24. Qd4 Re8 25. Rfe3 Nf5 26. Qxf6 gxf6 27. Rxe8+ Kg7
28. R8e7 Qc5 0-1

[Event "Titled Tue 3rd Jun Early"]
[Site "chess.com INT"]
[Date "2025.06.03"]
[Round "6"]
[White "Shapiro, Daniel"]
[Black "Miserendino, Alfredo"]
[Result "1-0"]
[WhiteTitle "FM"]
[WhiteElo "2284"]
[BlackElo "2032"]
[WhiteFideId "2001780"]
[BlackFideId "101800"]
[EventDate "2025.06.03"]

1. d4 c5 2. d5 Nf6 3. Nc3 g6 4. e4 d6 5. h3 Bg7 6. Nf3 O-O 7. Be2 b6 8. Bf4 Ba6
9. O-O Bxe2 10. Qxe2 Nfd7 11. e5 dxe5 12. Nxe5 Nxe5 13. Bxe5 Bxe5 14. Qxe5 Nd7
15. Qg3 Nf6 16. Rad1 Qd6 17. Qxd6 exd6 18. Nb5 Rfd8 19. a4 a6 20. Na3 Re8 21.
Nc4 Re2 22. c3 b5 23. axb5 axb5 24. Nxd6 Rxb2 25. Nb7 c4 26. d6 Nd7 27. Rfe1
Raa2 28. Rf1 Rd2 29. Rb1 Rab2 30. Rxb2 Rxb2 31. Re1 b4 32. cxb4 c3 33. Nc5 c2
34. Nd3 Rb1 35. Kf1 1-0

[Event "Titled Tue 3rd Jun Early"]
[Site "chess.com INT"]
[Date "2025.06.03"]
[Round "6"]
[White "Rentsen, Erdenetulga"]
[Black "Todorovic, Bojan"]
[Result "0-1"]
[BlackTitle "FM"]
[WhiteElo "2182"]
[BlackElo "2111"]
[WhiteFideId "4901320"]
[BlackFideId "917087"]
[EventDate "2025.06.03"]

1. e4 g6 2. d4 Bg7 3. Nc3 d6 4. f4 a6 5. Nf3 Nd7 6. Bd3 b5 7. a4 b4 8. Ne2 Bb7
9. c3 bxc3 10. bxc3 Ngf6 11. Ng3 O-O 12. O-O e5 13. Rb1 Rb8 14. f5 exd4 15. cxd4
c5 16. Rxb7 Rxb7 17. e5 dxe5 18. dxe5 Nxe5 19. Nxe5 Qd4+ 20. Kh1 Qxe5 21. Bxa6
Rb4 22. Qc2 Ng4 23. Bc4 Ne3 24. Bxe3 Qxe3 25. fxg6 hxg6 26. Qxg6 Rxc4 27. Qxg7+
Kxg7 28. Nf5+ Kg6 29. Nxe3 Rxa4 30. h3 Re4 31. Nd5 Rd8 32. Nb6 Rd6 33. Nc8 Rde6
34. Kh2 c4 35. Rc1 Rc6 36. Na7 Rc5 37. Rc3 Re7 0-1

[Event "Titled Tue 3rd Jun Early"]
[Site "chess.com INT"]
[Date "2025.06.03"]
[Round "6"]
[White "Khoo-Thwe, Louis"]
[Black "Nugumanov, Bakhtiyar"]
[Result "1-0"]
[WhiteTitle "CM"]
[BlackTitle "IM"]
[WhiteElo "2214"]
[BlackElo "2305"]
[WhiteFideId "1538756"]
[BlackFideId "13701797"]
[EventDate "2025.06.03"]

1. e4 e6 2. d4 d5 3. Nc3 Bb4 4. exd5 exd5 5. Bd3 c6 6. Ne2 Nf6 7. Bg5 O-O 8. Qd2
Re8 9. O-O-O Nbd7 10. f3 Nf8 11. h4 b5 12. h5 Ne6 13. Bh4 h6 14. g4 a5 15. g5
Nxg5 16. Bxg5 hxg5 17. Qxg5 Nh7 18. Qg2 Qg5+ 19. Qxg5 Nxg5 20. h6 g6 21. f4 Ne4
22. Rdg1 Nxc3 23. bxc3 Ba3+ 24. Kd2 Kh8 25. f5 gxf5 26. Nf4 Bd6 27. Nh5 Be6 28.
Nf6 Bf4+ 29. Kd1 Rg8 30. h7 Rg6 31. Nh5 Bd6 32. Rf1 Rh6 33. Bxf5 b4 34. Bxe6
fxe6 35. Rf6 Rxh7 36. Rxe6 Rd8 37. cxb4 axb4 38. Ke2 Bf8 39. Rxc6 Ra8 40. Kd3
Ra3+ 41. Ke2 Re7+ 42. Kd2 Kg8 43. Nf6+ Kf7 44. Nxd5 Rea7 45. Rh7+ Ke8 46. Rc8# 1-0

[Event "Titled Tue 3rd Jun Early"]
[Site "chess.com INT"]
[Date "2025.06.03"]
[Round "6"]
[White "Miranda Camus, Joaquin Ignacio"]
[Black "Duarte Cramer, Lily Jeanette"]
[Result "1-0"]
[WhiteTitle "FM"]
[BlackTitle "WCM"]
[WhiteElo "2196"]
[BlackElo "1828"]
[WhiteFideId "3449300"]
[BlackFideId "29620180"]
[EventDate "2025.06.03"]

1. Nf3 d5 2. g3 Bf5 3. Nh4 Bg6 4. Bg2 e6 5. d3 Ne7 6. O-O Nf5 7. Nxg6 hxg6 8. e4
Ne7 9. exd5 exd5 10. Re1 c6 11. c4 dxc4 12. d4 Nd7 13. Nc3 Nb6 14. Bg5 f6 15.
Qc2 Kf7 16. Be3 Ned5 17. a4 Nb4 18. Qe2 N4d5 19. a5 Nxc3 20. bxc3 Nd5 21. Qxc4
Be7 22. Reb1 Qd7 23. a6 b5 24. Bxd5+ cxd5 25. Qxb5 Qe6 26. Ra5 Rad8 27. Qf1 Rc8
28. Qg2 Rhd8 29. Rb7 Rxc3 30. Rxa7 Rb3 31. h4 Rb1+ 32. Kh2 g5 33. Qf3 gxh4 34.
Qh5+ Kg8 35. Qxh4 f5 36. Qxe7 Re8 37. Qxg7# 1-0

[Event "Titled Tue 3rd Jun Early"]
[Site "chess.com INT"]
[Date "2025.06.03"]
[Round "6"]
[White "Deng, Henry"]
[Black "Tekeyev, Zaur"]
[Result "1-0"]
[WhiteTitle "FM"]
[BlackTitle "IM"]
[WhiteElo "2327"]
[BlackElo "2417"]
[WhiteFideId "30965454"]
[BlackFideId "4199731"]
[EventDate "2025.06.03"]

1. e4 c6 2. d4 d5 3. Nd2 dxe4 4. Nxe4 Nf6 5. Nxf6+ exf6 6. c3 Bd6 7. Bd3 O-O 8.
Ne2 Re8 9. Qc2 h5 10. O-O h4 11. h3 Nd7 12. Bd2 Nf8 13. Rae1 g6 14. Qc1 Ne6 15.
Nf4 Qc7 16. Nxe6 Bxe6 17. b3 Rad8 18. Re2 Qd7 19. Rfe1 Re7 20. Bf4 g5 21. Bxd6
Qxd6 22. Bb1 Rde8 23. Qc2 f5 24. Qd2 f6 25. Bd3 Kg7 26. Qc2 g4 27. Bxf5 gxh3 28.
Bxe6 Rxe6 29. gxh3 Rxe2 30. Rxe2 Rxe2 31. Qxe2 Qf4 32. Qg4+ Qg5 33. Qxg5+ fxg5
34. Kg2 Kg6 35. Kf3 Kf5 36. c4 b5 37. d5 cxd5 38. cxd5 b4 39. d6 Ke6 40. Kg4 1-0